All Bay Area Transit Systems - Statistics

General Stats
  • This quiz has been taken 57 times
  • The average score is 7 of 24
Answer Stats
Hint Answer % Correct
Heavy Rail BART (Bay Area Rapid Transit)
98%
Heavy Rail Caltrain
83%
Light Rail and Buses MUNI (San Francisco Municipal Railway)
83%
Light Rail and Buses VTA (Santa Clara Valley Transportation Authority)
63%
Buses AC Transit (Alameda-Contra Costa Transit District)
54%
Buses SamTrans (San Mateo County Transit District)
46%
Heavy Rail SMART (Sonoma-Marin Area Rapid Transit)
35%
Buses GGT (Golden Gate Transit)
27%
Buses Marin Transit
21%
Buses SolTrans (Solano County Transit)
19%
Ferries Golden Gate Ferry
17%
Ferries San Francisco Bay Ferry
17%
Buses Sonoma County Transit
15%
Buses County Connection (Central Contra Costa County Authority)
13%
Buses Wheels (Livermore Amador Valley Transit Authority)
13%
Buses FAST (Fairfield and Suisun Transit)
8%
Buses Santa Rosa CityBus
8%
Buses Tri Delta Transit
8%
Buses Union City Transit
8%
Buses Petaluma Transit
6%
Buses VINE Transit (Valley Intercity Neighborhood Express)
6%
Buses City Coach (Vacaville City Coach)
4%
Buses WestCAT (Western Contra Costa Transit Authority)
4%
Buses Dumbarton Express
2%
No matching quizzes found
Score Distribution
Percent of People with Each Score
Percentile by Number Answered
Your Score History
You have not taken this quiz